000 00742nam a2200217 4500
001 116126
003 ES-MaACL
005 20260113165953.0
007 t|
008 061121s1952 sp r ||||1| spa d
100 1 _aOrueta, José de.
_987693
245 1 0 _aMemorias de un bilbaíno
_b: 1870 a 1900 /
_cJosé de Orueta ; prólogo de José María de Areilza.
250 _a2ª. ed. corr. y aum.
260 _aSan Sebastián :
_b[s.n.],
_c1952 (
_fTall. Edit. Icharopena)
300 _a325 p. :
_bil. ;
_c23 cm.
490 1 _aBiblioteca vascongada de los amigos del país
700 1 _aAreilza, José María de,
_d1909-1998
_922575
830 0 _a
_9242584
852 _aES-MaACL
_jD-8469
_bR.32942
999 _c116126
_d116126